| 000 | 01565nam0a2200349 4500 | ||
|---|---|---|---|
| 001 | RU\NLR\bibl\1282030 | ||
| 005 | 20260405143419.0 | ||
| 010 |
_a978-5-9776-0064-4 _92000 |
||
| 021 |
_aRU _b2008-62161 _93514 |
||
| 035 | _a(NLR Aleph) 001267792 | ||
| 090 |
_a419789 _c419789 |
||
| 100 | _a20081007d2008 |||y0rusy50 ca | ||
| 101 | 0 |
_arus _aeng |
|
| 102 | _aRU | ||
| 105 | _ay ||||||||| | ||
| 200 | 1 |
_aВнешнеторговый контракт _dContracts in foreign trade _eучебное пособие _fН.М. Громова _zeng |
|
| 205 | _a2-е изд., испр. | ||
| 210 |
_aМосква _cМагистр _d2008 |
||
| 215 |
_a140, [1] с. _d20 |
||
| 300 | _aТекст на рус. и англ. яз. | ||
| 510 | 1 |
_6z48790 _aContracts in foreign trade _zeng |
|
| 606 | 1 |
_aВнешнеторговые сделки _jУчебные издания для высших учебных заведений _91273957 _3RU\NLR\auth\66206889 |
|
| 606 | 1 |
_aАнглийский язык _xУчебные издания для экономистов _92396228 _3RU\NLR\auth\661428668 |
|
| 686 | _aУ43(0)8-803.4я73 | ||
| 686 | _aШ143.21-93рус329.3 | ||
| 700 | 1 |
_4070 _8rus _7ca _aГромова _bН. М. _cэкономист, филолог _gНаталья Михайловна _3RU\NLR\auth\7759135 _942067 |
|
| 790 | 1 |
_4070 _8rus _7ba _aGromova _bN. M. _cэкономист, филолог _gNatal'ja Michajlovna _3RU\NLR\auth\7759136 _942068 |
|
| 801 | 0 |
_aRU _bNLR _c20081007 _gRCR |
|
| 801 | 1 |
_aRU _bNLR _c20081007 |
|
| 942 | _cBOOK | ||
| 980 | _aNB | ||